Ultimate French Vocabulary Quiz - Statistics

General Stats
  • This quiz has been taken 2,635 times
    223 since last reset
  • The average score is 6 of 10
Answer Stats
French English % Correct
Contre Against
100%
Le nombre Amount (for people)
100%
La réponse Answer
100%
À tes souhait Bless you
100%
Le bateau Boat
100%
L'ennui (m) Boredom
100%
Le cerveau Brain
100%
La siècle Century
100%
Commun/e Common
100%
Le confinement Containment
100%
Le cours Course
100%
Fou/Folle Crazy
100%
La tasse Cup
100%
Profond/e Deep
100%
Défaut Default
100%
Désastreux Disastrous
100%
Domestique Domestic
100%
Le doute Doubt
100%
La durée Duration
100%
Pendant During
100%
Le séisme Earthquake
100%
Assez Enough
100%
Le Soir/La soirée Evening
100%
L'événement (m) Event
100%
Partout Everywhere
100%
L'expression (f) Expression
100%
La peur Fear
100%
Tout d'abord First of all
100%
Le fluide Fluid
100%
Étranger/étrangère Foreign
100%
La fourchette Fork
100%
Le réfrigérateur/frigo Fridge
100%
L'amitié (f) Friendship
100%
Le fruit Fruit
100%
Amusant Fun
100%
Bonsoir Good evening
100%
La moitié/demi/e Half
100%
Bonheur Happiness
100%
Dur/e Hard
100%
Le chapeau Hat
100%
Ici Here
100%
Honnête Honest
100%
Je m'en fiche I don't care
100%
Immédiatement Immediately
100%
En général In general
100%
Au lieu de Instead of
100%
Les bijoux Jewelry
100%
Le couteau Knife
100%
Tard/En retard Late
100%
Plus tard Later
100%
Situé Located/Situated
100%
Fidéle Loyal
100%
Mesurable Measurable
100%
La viande Meat
100%
Lundi (m) Monday
100%
Natif/Native Native
100%
Prochain/e Next
100%
Souvent Often
100%
La surconsommation Overconsumption
100%
Les gens/personnes People
100%
Parfait/e Perfect
100%
Permanent/e Permanent
100%
Le pouvoir Power
100%
Privilégié/e Privileged
100%
Le progrès Progress
100%
Rare Rare
100%
La tristesse Sadness
100%
Samedi (m) Saturday
100%
Effrayant/e Scary
100%
Sérieux/se Serious
100%
Similaire Similar
100%
La compétence Skill
100%
Le ciel Sky
100%
Bientôt Soon
100%
Le stade Stadium
100%
La gare Station
100%
Fort/e Strong
100%
Le soleil Sun
100%
Dimanche (m) Sunday
100%
Sûr/e Sure/safe
100%
Le thé Tea
100%
Jeudi (m) Thursday
100%
La fois Time
100%
Ajouter To add
100%
Affecter To affect
100%
Poser une question To ask a question
100%
Être addicte/accro To be addicted
100%
Être confortable To be comfortable
100%
Être dépendant To be dependent
100%
Être prêt/e To be ready
100%
Mordre To bite
100%
Saigner To bleed
100%
Affirmer To claim/affirm
100%
Nettoyer To clean
100%
Consister To consist
100%
Consommer To consume
100%
Convaincre To convince
100%
Convaincre To convince
100%
Compter To count
100%
Couper To cut
100%
Discuter To discuss
100%
Rêver To dream
100%
Estimer To estimate
100%
Tomber To fall/drop
100%
Tomber amoureux To fall in love
100%
Se sentir To feel
100%
Se battre To fight
100%
Remplir To fill
100%
Suivre To follow
100%
Ensemble Together
100%
Obtenir To get/obtain
100%
Guider To guide
100%
Hésiter To hesitate
100%
Espérer To hope
100%
Faire un câlin To hug
100%
Impressionner To impress
100%
Improviser To improvise
100%
Inclure To include
100%
Inspirer To inspire
100%
Juger To judge
100%
Apprendre To learn
100%
Vivre To live/experience
100%
Perdre To lose
100%
Maîtriser To master
100%
Mesurer To measure
100%
Mémoriser To memorize
100%
Obéir To obey
100%
Observer To observe
100%
Offrir To offer
100%
Le sujet Topic/Subject
100%
Provoquer To provoke
100%
Punir To punish
100%
Pousser To push
100%
Mettre To put
100%
Reassurer To reassure
100%
Refuser To refuse
100%
Rejeter To reject
100%
Chercher To search
100%
Vendre To sell
100%
Envoyer To send
100%
Partager To share
100%
Montrer To show
100%
Rester To stay/remain
100%
Réussir To succeed/pass a test
100%
Prendre soin de To take care of
100%
Ranger To tidy up
100%
Traduire To translate
100%
Allumer To turn on
100%
La tour Tower
100%
Fonctionner To work/function
100%
Mardi (m) Tuesday
100%
Jumeau/jumelle Twin
100%
Inutile Useless
100%
Le légume Vegetable
100%
La vue View/Sight
100%
Visible Visible
100%
Le lavage Washing
100%
La semaine Week
100%
Le vent Wind
100%
Sans Without
100%
De rien You're welcome
100%
Le cadeau Gift
86%
Rire To laugh
86%
La chaise Chair
83%
Le marché Market
83%
La mer Sea
83%
La taille Size
83%
Pleurer To cry
83%
Le métier Job
80%
Maintenant Now
80%
L'offre (f) Offer
80%
Les pâtes Pasta
80%
Triste Sad
80%
La cuillère Spoon
80%
Dénoncer To denounce
80%
Terminer To end
80%
Entendre To hear
80%
Mentir To lie
80%
Promettre To promise
80%
Presque Almost
75%
Le bâtiment Building
75%
Le déclin Decline
75%
L'usine (f) Factory
75%
Probable/s Likely/Probable
75%
Le mois Month
75%
Le midi Noon
75%
Le four Oven
75%
Le lieu Place/Location
75%
Reçu Received
75%
La réutilisation/Le réemploi Reuse
75%
Superficiel/le Shallow
75%
Le/la pire The worst
75%
Comparer To compare
75%
Durer To last
75%
Demain Tomorrow
75%
Déplacer/Bouger To move
75%
Affiner To refine
75%
Faire peur à To scare
75%
Goûter To taste
75%
La vérité Truth
75%
Jusqu'à Until
75%
Interdit Banned/Prohibited
67%
La croyance Belief
67%
La boîte Box
67%
Actuel/le Current
67%
Sombre Dark
67%
Surtout Especially
67%
Temps libre Free time
67%
La salle de sport Gym
67%
Comment oses-tu?/Comment osez-vous? How dare you?
67%
L'amélioration (f) Improvement
67%
Le besoin Need
67%
Prêt/e Ready
67%
Respectueusement Respectfully
67%
Timide Shy
67%
L'espace (m) Space
67%
La valise Suitcase
67%
Découvrir To discover
67%
Avoir honte To feel ashamed
67%
Pardonner To forgive
67%
Améliorer To improve
67%
Insérer To insert
67%
Tuer To kill
67%
Se souvenir To remember
67%
Utile Useful
67%
Le poids Weight
67%
Bienvenue Welcome
67%
Le bien-être Well-being
67%
L'horloge (f) Clock
60%
Manquer To miss/lack
60%
La quantité Amount (for things)
50%
Autour Around
50%
Autant As much
50%
Au moins At least
50%
Échecs (pl, m) Chess
50%
Le choix Choice
50%
Le plat Dish
50%
La boisson Drink
50%
En raison de Due to
50%
Entier Entire/whole
50%
Même si Even if
50%
Sauf Except
50%
Le sentiment Feeling/Sentiment
50%
Suivant/e Following
50%
Le congélateur Freezer
50%
Gelé/e Frozen
50%
Le couloir Hallway
50%
Heureux/Heureuse Happy
50%
Cependant However
50%
La connaissance Knowledge
50%
Le manque Lack
50%
L'échelle (f) Ladder/Scale
50%
Le repas Meal
50%
Près Near
50%
Personne No one
50%
Bien sûr Of course
50%
L'opinion (f)/L'avis (m) Opinion
50%
Dehors Outside
50%
La pièce Piece/Part/Room
50%
Le point de vue Point of view
50%
Pauvre Poor
50%
Puissant/e Powerful
50%
La pression Pressure
50%
Le prêtre Priest
50%
La réplique Replica
50%
Le rapport Report
50%
La paille Straw
50%
Durable Sustainable
50%
Transpirant/e Sweaty
50%
La taxe Tax
50%
Temporaire Temporary
50%
La menace Threat
50%
Jeté Thrown
50%
Admettre To admit
50%
Se permettre To afford
50%
Répondre To answer/respond
50%
Demander To ask
50%
Appartenir To belong
50%
Avoir peur To be scared
50%
Briser To break
50%
Apporter/Amener To bring
50%
Contenir To contain
50%
Traverser la rue To cross the street
50%
Dessiner To draw
50%
Échapper To escape
50%
Évoluer To evolve
50%
Exprimer To express
50%
Nourrir To feed
50%
Trouver To find
50%
Deviner To guess
50%
Tenir To hold
50%
Dépêcher To hurry
50%
Blesser To injure
50%
Intégrer To integrate
50%
Garder To keep
50%
Lancer To launch
50%
Laisser To let
50%
Rencontrer To meet
50%
Moquer To mock
50%
Déménager To move/relocate
50%
Offenser To offend
50%
L'outil (m) Tool
50%
Commander To order
50%
Sentir To smell
50%
Se rendre To surrender
50%
Ravir To thrill/delight
50%
Souhaiter To wish
50%
La tendance Trend
50%
La confiance Trust
50%
La cascade Waterfall
50%
La façon Way
50%
Le souhait Wish
50%
Par Per
43%
Choc culturel Culture shock
40%
La décennie Decade
40%
Le marquer Marker
40%
La mesure Measurement
40%
L'écran (m) Screen
40%
Le Sens Sense
40%
Les freins Brakes
33%
Mais pas que But not only
33%
Le canapé Couch
33%
Actuellement Currently
33%
Dépendant/e Dependent
33%
Les lunettes Glasses
33%
L'herbe (f) Grass
33%
L'habitude (f) Habit
33%
À l'avance In advance
33%
En effet Indeed
33%
Invisible Invisible
33%
La serrure Lock
33%
Perdu/e Lost
33%
Manuel/le Manual
33%
Satisfait/e Satisfied
33%
Le pourboire Tip
33%
Supprimer To delete
33%
Divertir To entertain
33%
Saisir To grab/seize
33%
Sensibiliser To raise awareness
33%
Tirer To shoot
33%
Déclencher To trigger
33%
Éteindre To turn off
33%
Improbable Unlikely/Improbable
33%
La sagesse Wisdom
33%
Le dommage Damage
25%
Le divertissement Entertainment
25%
Loin Far
25%
Néfaste/s Harmful
25%
Le réseau Network
25%
Le taux Rate
25%
Ensuite Then
25%
Viser To aim
25%
Se comporter To behave
25%
Coûter To cost
25%
Douter To doubt
25%
Accrocher/Pendre To hang
25%
Hurler To scream/shout
25%
Se montrer/Se la péter To show off
25%
Résoudre To solve
25%
Faire confiance To trust
25%
Injustement Unfairly
25%
Même que Even as
14%
Prometteur/prometteuse Promising
13%
Être inquiet/e To be worried
13%
Souligner To emphasize
13%
Selon According to
0%
Le compte Account
0%
Déjà Already
0%
Le montant Amount (for money)
0%
Environ Approximately
0%
La flèche Arrow
0%
En tant que As a
0%
En même temps At the same time
0%
La moyenne Average
0%
À peine Barely
0%
Le Comportement Behavior
0%
Brièvement Briefly
0%
Brutal/e Brutal/Harsh
0%
Le nuage Cloud
0%
Le consommateur Consumer
0%
La croûte Crust
0%
Les couverts Cutlery
0%
Sale Dirty
0%
Les vertiges Dizziness
0%
Chaque Each/every
0%
L'oreillette (f) Earbuds
0%
Tôt Early
0%
L'ascenseur (m) Elevator
0%
Engageant Engaging
0%
L'attente (f) Expectation
0%
Le tissu Fabric
0%
Le vol Flight/Theft
0%
La nourriture Food
0%
Vendredi (m) Friday
0%
Mal vu Frowned upon
0%
Le carburant Fuel
0%
Épanoui Fulfilled
0%
Doué/e Gifted
0%
L'objectif Goal
0%
La croissance Growth
0%
La salle Hall
0%
La tête Head
0%
La santé Health
0%
Il perçoit He perceives
0%
L'espoir (m) Hope
0%
Le câlin Hug
0%
Intégrée Integrated
0%
Le niveau Level
0%
Le menteur/La menteuse Liar
0%
Les moeurs Morals
0%
Le/la Voisin/e Neighbor
0%
Gentil/e Nice
0%
Ne ... plus Not anymore
0%
Pas encore Not yet
0%
En revanche On the other hand
0%
La patte Paw
0%
Plutôt Rather
0%
Le repos Rest
0%
Même Same
0%
L'arnaque (f) Scam
0%
L'honte (f) Shame
0%
Honteux/Honteuse/Indigne Shameful
0%
Le choc Shock
0%
Le tir Shot
0%
Le crâne Skull
0%
Donc So/Therefore
0%
La parole Speech
0%
Bloqué Stuck
0%
Réussi/e Successful
0%
La cible Target
0%
Le goût Taste
0%
La cuillère à café Teaspoon
0%
Cela signifie That means
0%
Mince Thin
0%
Accepter To accept
0%
Être d'accord To agree
0%
Ennuyer To annoy
0%
Éveiller To awaken
0%
Être endetté To be in debt
0%
Croire To believe
0%
Bénir To bless
0%
Huer To boo
0%
Respirer To breathe
0%
Avouer To confess
0%
Oser To dare
0%
Faire face à To deal with
0%
Exiger To demand/require
0%
Concevoir To design
0%
Détruire To destroy
0%
S'attendre (à) To expect
0%
Échouer To fail
0%
Lutter To fight/struggle
0%
Geler To freeze
0%
Renoncer/Abandonner To give up
0%
S'en aller To go away
0%
Gérer To handle
0%
S'amuser To have fun
0%
Cacher To hide
0%
Faire du running To jog
0%
Sauter To jump/skip
0%
Avoir hâte de To look forward to
0%
Faire du bruit To make noise
0%
Avoir du sens To make sense
0%
Fondre To melt
0%
Avoir besoin To need
0%
Trop Too (much)
0%
Percevoir To perceive
0%
Placer To place
0%
Planifier To plan
0%
Progresser To progress
0%
Promouvoir To promote
0%
Fournir To provide/supply
0%
Atteindre/Parvenir To reach
0%
Libérer To release
0%
Rappeler To remind
0%
Enlever To remove
0%
Louer To rent
0%
Remplacer To replace
0%
Se reposer To rest
0%
Sembler To seem
0%
Se séparer To separate (people)
0%
Séparer To separate (things)
0%
S'asseoir To sit
0%
Souffrir To suffer
0%
Enseigner (à) To teach (to)
0%
Jeter To throw
0%
Mettre à jour To update
0%
Valoriser To value
0%
Attendre To wait
0%
Vers Towards
0%
Porter To wear
0%
Peser To weigh
0%
Injuste Unfair
0%
Sauf si Unless
0%
Inenvisageable Unthinkable
0%
Mercredi (m) Wednesday
0%
Alors que While
0%
Inquiet/e Worried
0%
Pire Worse
0%
Hier Yesterday
0%
No matching quizzes found
Score Distribution
Percent of People with Each Score
Percentile by Number Answered
Your Score History
You have not taken this quiz since the last reset